Word Knowledge and Word Usage (Record no. 91193)

MARC details
000 -LEADER
fixed length control field 02119nam a2200277Ia 4500
000 - LEADER
fixed length control field 02607naaa 00361uu
001 - CONTROL NUMBER
control field https://directory.doabooks.org/handle/20.500.12854/37438
005 - DATE AND TIME OF LATEST TRANSACTION
control field 20260218110114.0
008 - FIXED-LENGTH DATA ELEMENTS--GENERAL INFORMATION
fixed length control field 211013s9999 xx 000 0 und d
024 ## - OTHER STANDARD IDENTIFIER
Standard number or code 10.1515/9783110440577
042 ## - AUTHENTICATION CODE
Authentication code dc
245 #0 - TITLE STATEMENT
Title Word Knowledge and Word Usage
260 ## - PUBLICATION, DISTRIBUTION, ETC.
Place of publication, distribution, etc. Berlin/Boston
Name of publisher, distributor, etc. De Gruyter
Date of publication, distribution, etc. 2020
300 ## - PHYSICAL DESCRIPTION
Extent 1 electronic resource (717 p.)
520 ## - SUMMARY, ETC.
Summary, etc. Word storage and processing define a multi-factorial domain of scientific inquiry whose thorough investigation goes well beyond the boundaries of traditional disciplinary taxonomies, to require synergic integration of a wide range of methods, techniques and empirical and experimental findings. The present book intends to approach a few central issues concerning the organization, structure and functioning of the Mental Lexicon, by asking domain experts to look at common, central topics from complementary standpoints, and discuss the advantages of developing converging perspectives. The book will explore the connections between computational and algorithmic models of the mental lexicon, word frequency distributions and information theoretical measures of word families, statistical correlations across psycho-linguistic and cognitive evidence, principles of machine learning and integrative brain models of word storage and processing. Main goal of the book will be to map out the landscape of future research in this area, to foster the development of interdisciplinary curricula and help single-domain specialists understand and address issues and questions as they are raised in other disciplines.
540 ## - TERMS GOVERNING USE AND REPRODUCTION NOTE
Terms governing use and reproduction Creative Commons
653 ## - INDEX TERM--UNCONTROLLED
Uncontrolled term Mental Lexicon
700 1# - ADDED ENTRY--PERSONAL NAME
Personal name Dressler, Wolfgang U.
700 1# - ADDED ENTRY--PERSONAL NAME
Personal name Dressler, Wolfgang U.
700 1# - ADDED ENTRY--PERSONAL NAME
Personal name Pirrelli, Vito
700 1# - ADDED ENTRY--PERSONAL NAME
Personal name Pirrelli, Vito
700 1# - ADDED ENTRY--PERSONAL NAME
Personal name Plag, Ingo
856 ## - ELECTRONIC LOCATION AND ACCESS
Uniform Resource Identifier <a href="https://docs.google.com/spreadsheets/d/1yKIrdCPDAG_9c22mwoOIO2DOhtj65Wqa/edit?usp=sharing&ouid=106555315294820607512&rtpof=true&sd=true ">https://docs.google.com/spreadsheets/d/1yKIrdCPDAG_9c22mwoOIO2DOhtj65Wqa/edit?usp=sharing&ouid=106555315294820607512&rtpof=true&sd=true </a>
Link text List of Curated E-Books
942 ## - ADDED ENTRY ELEMENTS (KOHA)
Koha item type E-Book

No items available.

University of Rizal System
Email us at univlibservices@urs.edu.ph

Visit our Website www.urs.edu.ph/library